Türkiye'nin Etnik Kökenleri ve Bayrakları - Statistics

General Stats
  • This quiz has been taken 107 times
  • The average score is 13 of 25
Answer Stats
Picture Hint Answer % Correct
~72,67% Türk
100%
15,12% Kürt
97%
~2,4% Azeri
76%
~1,8% Arnavut
73%
0,18% Rus
71%
1,29% Gürcü
69%
~0,08% Yunan
67%
5,86% Arap
65%
~0,08% / (~6,33%)* Ermeni
64%
~0,63% Boşnak
63%
0,42% Bulgar
63%
0,15% İranlı
63%
0,11% Ukraynalı
60%
0,27% Türkmen
56%
0,15% Afgan
50%
~3,2% Çerkes
40%
~0,96% Laz
37%
~0,1% Uygur
36%
~0,83% Abhaz
31%
6,82% Tatar
27%
~4,84% Kırım Tatar
26%
0,13% Çeçen
13%
1,74% Zaza
12%
0,1% Nogay
5%
~0,42% Pomak
5%
No matching quizzes found
Score Distribution
Percent of People with Each Score
Percentile by Number Answered
Your Score History
You have not taken this quiz